<?xml version="1.0" encoding="UTF-8"?>
<record
    xmlns:xsi="http://www.w3.org/2001/XMLSchema-instance"
    xsi:schemaLocation="http://www.loc.gov/MARC21/slim http://www.loc.gov/standards/marcxml/schema/MARC21slim.xsd"
    xmlns="http://www.loc.gov/MARC21/slim">

  <leader>01902nas a2200277Ia 4500</leader>
  <controlfield tag="001">R050-S2481</controlfield>
  <controlfield tag="003">IT-CnALBA</controlfield>
  <controlfield tag="008">170116c99999999xx ||||||||||||   ||und||</controlfield>
  <datafield tag="040" ind1=" " ind2=" ">
    <subfield code="a">IT-CnALBA</subfield>
    <subfield code="c">IT-CnALBA</subfield>
  </datafield>
  <datafield tag="041" ind1=" " ind2=" ">
    <subfield code="a">FRANCESE </subfield>
  </datafield>
  <datafield tag="100" ind1=" " ind2=" ">
    <subfield code="a">HUSCENOT F. JEAN</subfield>
  </datafield>
  <datafield tag="210" ind1=" " ind2=" ">
    <subfield code="a">LE CHRIST AU MONDE</subfield>
  </datafield>
  <datafield tag="222" ind1=" " ind2=" ">
    <subfield code="a">LE CHRIST AU MONDE</subfield>
  </datafield>
  <datafield tag="245" ind1=" " ind2="0">
    <subfield code="a">LE CHRIST AU MONDE. (CRISTO AL MONDO). SETTEMBRE OTTOBRE 1996. RIVISTA INTERNAZIONALE DI ESPERIENZE APOSTOLICHE. </subfield>
    <subfield code="b"> RIVISTA INTERNAZIONALE DI ESPERIENZE APOSTOLICHE</subfield>
  </datafield>
  <datafield tag="250" ind1=" " ind2=" ">
    <subfield code="a">1a ed.</subfield>
  </datafield>
  <datafield tag="260" ind1=" " ind2=" ">
    <subfield code="a"> ROMA</subfield>
    <subfield code="b">CASA MARIANA ED. </subfield>
    <subfield code="c">1996 [1&#xB0; Ed.:1996 - Ed.Ling.Originale: 1996]</subfield>
  </datafield>
  <datafield tag="300" ind1=" " ind2=" ">
    <subfield code="a">96 p. </subfield>
  </datafield>
  <datafield tag="310" ind1=" " ind2=" ">
    <subfield code="a">BIMESTRALE</subfield>
  </datafield>
  <datafield tag="362" ind1=" " ind2=" ">
    <subfield code="a">Fascicolo: 5 / Anno: 41 (1996)</subfield>
  </datafield>
  <datafield tag="500" ind1=" " ind2=" ">
    <subfield code="a">LXXV ANNIVERSARIO DELLA COSTITUZIONE "DEI FILIOS" DEL VATICANO I. IL PENITENTE. MESSAGGIO GIORNATA MONDIALE DELLE MISSIONI. ANSELMO DI CANTORBERY DOTTORE DELLA CHIESA. UNA EQUIPE PER LA CINA. PELLEGRINAGGIO A CHON JIN AM, COREA. IL SINODO DI LASHIO IN BIRMANIA. LA FIGLIA PRIMOGENITA DELLA CHIESA. LA DOTTRINA MARIANA NEL SENO DELLA CHIESA. MARIA E LA TRINIT&#xC0;. IL PROTOEVANGELO. MISSIONE ED EVANGELIZZAZIONE IN ALBANIA. CASIN R. GIOVANNI PAOLO II. LETTERE DELL'EQUIPE SULL'APOSTOLATO. </subfield>
  </datafield>
  <datafield tag="501" ind1=" " ind2=" ">
    <subfield code="a">Societ&#xE0; San Paolo EM - Piazza San Paolo, 14 - 12051 ALBA (CN)  (non commercial uses only) &#xAE; Copyright 2017</subfield>
  </datafield>
  <datafield tag="520" ind1=" " ind2=" ">
    <subfield code="a">LXXV ANNIVERSARIO DELLA COSTITUZIONE "DEI FILIOS" DEL VATICANO I. IL PENITENTE. MESSAGGIO GIORNATA MONDIALE DELLE MISSIONI. ANSELMO DI CANTORBERY DOTTORE DELLA CHIESA. UNA EQUIPE PER LA CINA. PELLEGRINAGGIO A CHON JIN AM, COREA. IL SINODO DI LASHIO IN BIRMANIA. LA FIGLIA PRIMOGENITA DELLA CHIESA. LA DOTTRINA MARIANA NEL SENO DELLA CHIESA. MARIA E LA TRINIT&#xC0;. IL PROTOEVANGELO. MISSIONE ED EVANGELIZZAZIONE IN ALBANIA. CASIN R. GIOVANNI PAOLO II. LETTERE DELL'EQUIPE SULL'APOSTOLATO. </subfield>
  </datafield>
  <datafield tag="650" ind1=" " ind2=" ">
    <subfield code="a">PERIODICI</subfield>
  </datafield>
  <datafield tag="942" ind1=" " ind2=" ">
    <subfield code="c">CR</subfield>
  </datafield>
  <datafield tag="957" ind1=" " ind2=" ">
    <subfield code="7">1</subfield>
  </datafield>
  <datafield tag="999" ind1=" " ind2=" ">
    <subfield code="a">64369</subfield>
    <subfield code="b">NO</subfield>
    <subfield code="g">1</subfield>
    <subfield code="c">331069</subfield>
    <subfield code="d">331069</subfield>
  </datafield>
  <datafield tag="952" ind1=" " ind2=" ">
    <subfield code="0">0</subfield>
    <subfield code="1">0</subfield>
    <subfield code="4">0</subfield>
    <subfield code="6">R_050S2481</subfield>
    <subfield code="7">1</subfield>
    <subfield code="a">ALBA</subfield>
    <subfield code="b">ALBA</subfield>
    <subfield code="d">2017-01-16</subfield>
    <subfield code="l">0</subfield>
    <subfield code="o">R050-S2481</subfield>
    <subfield code="r">2017-01-16 00:00:00</subfield>
    <subfield code="w">2017-01-16</subfield>
    <subfield code="y">CR</subfield>
    <subfield code="z">(data import: 16 gennaio 2017) - By Epidotti, Vaglietti. </subfield>
  </datafield>
</record>
